Избранные сочинения. 1: О поэзии (Запись № 13381862)

Подробности
000 -МАРКЕР
контрольное поле 01263nam2a2200253 4500
001 - ИДЕНТИФИКАТОР ЗАПИСИ
контрольное поле RU\NLR\BIBL_A\022491078
005 - ИДЕНТИФИКАТОР ВЕРСИИ
контрольное поле 20250627143044.0
035 ## - ДРУГИЕ СИСТЕМНЫЕ НОМЕРА
Идентификатор записи (NLR Aleph) 022491078
100 ## - ДАННЫЕ ОБЩЕЙ ОБРАБОТКИ
Данные общей обработки 20250314d1911 |||y0rusy50 ca
101 0# - ЯЗЫК РЕСУРСА
Язык текста, звукозаписи и т.д. русский
102 ## - СТРАНА ПУБЛИКАЦИИ ИЛИ ПРОИЗВОДСТВА
Страна публикации Российская Федерация
105 ## - ПОЛЕ КОДИРОВАННЫХ ДАННЫХ: ТЕКСТОВЫЕ МАТЕРИАЛЫ, МОНОГРАФИЧЕСКИЕ
Кодированные данные о монографическом текстовом документе f z 000zy
200 1# - ЗАГЛАВИЕ И СВЕДЕНИЯ ОБ ОТВЕТСТВЕННОСТИ
Основное заглавие О поэзии
Сведения, относящиеся к заглавию с портретом автора
210 ## - ПУБЛИКАЦИЯ, РАСПРОСТРАНЕНИЕ И ДР.
Дата издания, распространения и т.д. 1911
Место издания, распространения и т.д. Б. м.
215 ## - ФИЗИЧЕСКАЯ ХАРАКТЕРИСТИКА
Специфическое обозначение материала и объем 82, [1] с., [1] вкл. л. портр.
225 1# - СЕРИЯ
Основное заглавие серии ...
Обозначение тома № 91
320 ## - ПРИМЕЧАНИЯ О НАЛИЧИИ В ДОКУМЕНТЕ БИБЛИОГРАФИИ / УКАЗАТЕЛЯ
Текст примечания Другие кн. авт. на обороте тит. с.
461 #0 - УРОВЕНЬ НАБОРА
Встроенное поле 001v19\rc\2078448
-- 2001#$aИзбранныя сочинения$fклассное издание под редакцией В. Никольскаго$fВ. Г. Белинский$v1
-- 700#1$aБелинский$bВ. Г.$f1811-1848$gВиссарион Григорьевич$3RU\NLR\AUTH\7716241
Системный номер (АБИС) связанной записи 6053177
Автор Белинский, В. Г. (1811-1848)
Место публикации Санкт-Петербург
Дата публикации 1911
Издание 2-е изд.
Первые сведения об ответственности Клас. изд. под ред. В. Никольского
Имя издателя, распространителя и т.д. Изд. Акц. Общ. Типогр. дела
Заглавие Избранные сочинения
Номер тома 1
852 ## - МЕСТОНАХОЖДЕНИЕ И ШИФР ХРАНЕНИЯ
Идентификатор организации NLR
Шифр хранения (Call Number) 37.46.10.2(91)
942 ## - ДОПОЛНИТЕЛЬНЫЕ ЭЛЕМЕНТЫ ЗАПИСИ (АБИС)
Тип экземпляра АБИС Книга
980 ## - КОЛЛЕКЦИЯ
Название коллекции Национальная библиография
Экземпляры
Тип экземпляра Дата поступления Библиотека постоянного хранения Библиотека текущего хранения Место хранения Шифр хранения Штрих-код Статус экземпляра
Книга 17.03.2025 РНБ (Садовая) РНБ (Садовая) Русский книжный фонд -Главное здание, Ленинский читальный зал 37.46.10.2(91) 22491078-10